John Foster Dulles /

Bibliographic Details
Main Author: Gerson, Louis L.
Format: Book
Language:English
Published: New York : Cooper Square Publishers, 1967.
Series:American secretaries of state and their diplomacy ; v. 17.
Subjects:

MARC

Tag First Indicator Second Indicator Subfields
LEADER 00000cam a22000001 4500
001 in00001136898
005 20150930084523.0
008 740606s1967 nyuc b 000 0beng
010 |a  67024039  
035 |a (OCoLC)00190603 
035 |9 AFX7370AM 
040 |a DLC  |c DLC  |d m.c.  |d UtOrBLW 
049 |a TXAM 
050 0 0 |a E183.7  |b .B462 vol. 17 
082 0 |a 353.1  |a B 
100 1 |a Gerson, Louis L. 
245 1 0 |a John Foster Dulles /  |c by Louis L. Gerson. 
264 1 |a New York :  |b Cooper Square Publishers,  |c 1967. 
300 |a xiv, 372 pages :  |b portrait ;  |c 22 cm. 
336 |a text  |b txt  |2 rdacontent 
337 |a unmediated  |b n  |2 rdamedia 
338 |a volume  |b nc  |2 rdacarrier 
490 1 |a The American secretaries of state and their diplomacy ;  |v v. 17 
504 |a Bibliographical references included in "Notes" (pages 324-349) and "Bibliographical essay" (pages 350-363). 
500 |a Includes index. 
600 1 0 |a Dulles, John Foster,  |d 1888-1959. 
830 0 |a American secretaries of state and their diplomacy ;  |v v. 17. 
999 |a MARS 
999 f f |s d247621b-053e-396b-a1de-fb828d41cafa  |i 88565573-48a9-3bbd-8a7b-954d07544d2d  |t 0 
952 f f |p ric  |a Texas A&M University  |b Rellis Campus  |c Joint Library Facility  |d Remote Storage  |t 0  |e E183.7 .B462 v.17  |h Library of Congress classification  |i unmediated -- volume  |m A14817629723 
998 f f |a E183.7 .B462 v.17  |t 0  |l Remote Storage